| 000 | 00520nam a2200181Ia 4500 | ||
|---|---|---|---|
| 008 | 100920s9999 xx 000 0 und d | ||
| 082 |
_b92587 _a--- न 05 |
||
| 100 | _aओक जनार्दन. | ||
| 245 | _aशकारी. | ||
| 260 |
_bपायल पब्लिकेशन, पुणे. _c2005 |
||
| 300 |
_a238 _bसाधी |
||
| 365 | _b225 | ||
| 520 | _aकादंबरी. | ||
| 630 | _aशकारी. | ||
| 650 | _aकादंबरी. | ||
| 730 | _aशकारी. | ||
| 942 | _cBOOK | ||
| 999 |
_c733033 _d733030 |
||